000 00604nam a22002057a 4500
003 0
005 20260124120510.0
008 260124b xxu||||| |||| 00| 0 eng d
020 _a9798888367155
050 _aQR 181
_b.H66 2025
100 _aHooper, Olivia
245 _aBasic immunology
_cOlivia Hooper
260 _aNew York
_bLarsen & Keller
_c2025
300 _avi, 222 pages :
_bcolored illustrations ;
_c27cm.
504 _aIncludes glossary and references.
650 _aImmunology.
650 _aImmune system—Diseases.
650 _aImmunology—Study and teaching.
942 _2lcc
_cBK
999 _c368759
_d368759